Power electronics in smart electrical energy networks / (Record no. 11309)

MARC details
000 -LEADER
fixed length control field 00924cam a22002775a 4500
001 - CONTROL NUMBER
control field 15255322
005 - DATE AND TIME OF LATEST TRANSACTION
control field 20161219100329.0
008 - FIXED-LENGTH DATA ELEMENTS--GENERAL INFORMATION
fixed length control field 080410s2008 nyu 000 0 eng
010 ## - LIBRARY OF CONGRESS CONTROL NUMBER
LC control number 2008926908
020 ## - INTERNATIONAL STANDARD BOOK NUMBER
International Standard Book Number 9781848003170 (hardcover : alk. paper)
020 ## - INTERNATIONAL STANDARD BOOK NUMBER
International Standard Book Number 9781848003187 (E- ISBN)
040 ## - CATALOGING SOURCE
Original cataloging agency DLC
Transcribing agency DLC
082 ## - DEWEY DECIMAL CLASSIFICATION NUMBER
Edition number 22
Classification number 621.317
Item number POW
245 10 - TITLE STATEMENT
Title Power electronics in smart electrical energy networks /
Statement of responsibility, etc Ryszard Strzelecki, Grzegorz Benysek.
260 ## - PUBLICATION, DISTRIBUTION, ETC. (IMPRINT)
Place of publication, distribution, etc London :
Name of publisher, distributor, etc Springer,
Date of publication, distribution, etc c2008.
263 ## - PROJECTED PUBLICATION DATE
Projected publication date 0808
300 ## - PHYSICAL DESCRIPTION
Extent xviii, 414 p. :
Other physical details ill.;
Dimensions 24 cm.
440 0# -
-- Power systems ;
-- 1612-1287
-- 16121287
-- 3724
504 ## - BIBLIOGRAPHY, ETC. NOTE
Bibliography, etc Includes bibliographical references and index.
650 1# - SUBJECT ADDED ENTRY--TOPICAL TERM
9 (RLIN) 3725
Topical term or geographic name as entry element Power electronics
650 1# - SUBJECT ADDED ENTRY--TOPICAL TERM
9 (RLIN) 3726
Topical term or geographic name as entry element Electric networks
700 1# - ADDED ENTRY--PERSONAL NAME
Personal name Strzelecki, Ryszard.
9 (RLIN) 3727
700 1# - ADDED ENTRY--PERSONAL NAME
Personal name Benysek, Grzegorz
9 (RLIN) 3728
942 ## - ADDED ENTRY ELEMENTS (KOHA)
Source of classification or shelving scheme Dewey Decimal Classification
Item type Book - Borrowing
Holdings
Withdrawn status Item status Source of classification or shelving scheme Damaged status Not for loan Vendor Home library Current library Shelving location Date acquired Source of acquisition Cost, normal purchase price Serial Enumeration / chronology Total Checkouts Full call number Barcode Date last seen Koha item type
    Dewey Decimal Classification     Alahram Central Library Central Library First floor 15/04/2009   799.00 362   621.317 POW 000015542 15/07/2025 Book - Borrowing